000 00431nam a2200181Ia 4500
008 230711s9999||||xx |||||||||||||| ||und||
020 _a978-93-86700-34-6
041 _aENG
082 _a612
_bPR-H
100 _aPrasad,Mahesh
245 0 _aHuman Anatomy and Physiology-I
250 _a1st Ed.
260 _c2017
_aPune
_bNirali Prakashan
300 _a5.22p.
650 _aPharmacy
700 _aJha,Ashok Kumar
942 _cBK
999 _c7320
_d7320